[Event ""]
[Site ""]
[Date "????.??.??"]
[Round "8"]
[White "Ñèìàãèí Ìàêñèì"]
[Black "Áàëòèí Èëüäàð"]
[Result "1-0"]
[WhiteElo "1997"]
[BlackElo "1802"]
[Annotator ""]
[Source ""]
[Remark ""]

1.g4 d5 2.Bg2 c6 3.g5 Bf5 4.d4 Qc8 5.c4 dxc4 6.Nc3 h6 7.e4 Bg6
8.h4 Nd7 9.f4 e6 10.Qe2 Ne7 11.Qxc4 hxg5 12.hxg5 Rxh1 13.Bxh1
Qc7 14.Be3 Nc8 15.Bf3 Ncb6 16.Qb3 Bd6 17.Nge2 Be7 18.Rc1 Kf8
19.Kf2 Rd8 20.Ng3 a6 21.Rh1 Kg8 22.f5 1-0

[Event ""]
[Site ""]
[Date "????.??.??"]
[Round "8"]
[White "Äåðÿáèíà Ñâåòëàíà"]
[Black "Èíÿêèíà Èëèíà"]
[Result "1-0"]
[WhiteElo "2133"]
[BlackElo "1820"]
[Annotator ""]
[Source ""]
[Remark ""]

1.e4 c5 2.Nf3 Nc6 3.d4 cxd4 4.Nxd4 Nf6 5.Nc3 d6 6.Be2 e6 7.O-O
Be7 8.Be3 a6 9.Kh1 O-O 10.f4 Qc7 11.Bf3 Bd7 12.Qe1 Rac8 13.Qg3
Kh8 14.Rae1 b5 15.a3 Na5 16.e5 Ne8 17.Bc1 d5 18.f5 Qd8 19.Qh3
Nc7 20.Bg4 exf5 21.Nxf5 Be6 22.Ne2 Nc6 23.Neg3 Ra8 24.Nxe7 Qxe7
25.Bf5 g6 26.Qh6 Nxe5 27.Rxe5 Qf6 28.Rfe1 Qg7 29.Bd3 1-0

[Event ""]
[Site ""]
[Date "????.??.??"]
[Round "8"]
[White "Æóðàâëåâ Àëåêñàíäð"]
[Black "Õîáîòîâà Îëåñÿ"]
[Result "1-0"]
[WhiteElo "2118"]
[BlackElo "1931"]
[Annotator ""]
[Source ""]
[Remark ""]

1.e4 d5 2.exd5 Qxd5 3.Nc3 Qd6 4.d4 Nf6 5.Nf3 a6 6.g3 Bg4 7.h3
Bh5 8.Bf4 Qd8 9.g4 Bg6 10.Ne5 Nd5 11.Qf3 e6 12.Nxg6 hxg6 13.Nxd5
exd5 14.O-O-O c6 15.Qg3 Be7 16.Bc7 Bg5+ 17.Kb1 Qc8 18.h4 Be7
19.Re1 Kf8 20.g5 Nd7 21.Bh3 Bd8 22.Bxd8 Qxd8 23.Qd6+ Kg8 24.Bxd7
Kh7 25.h5 Qxg5 26.hxg6+ Kg8 27.gxf7+ Kxf7 28.Be6+ Kg6 29.Rhg1 1-0

[Event ""]
[Site ""]
[Date "????.??.??"]
[Round "8"]
[White "Àáäðàõìàíîâ Ðàìèñ"]
[Black "Þãèíà Ìàðèÿ"]
[Result "1/2-1/2"]
[WhiteElo "1855"]
[BlackElo "2005"]
[Annotator ""]
[Source ""]
[Remark ""]

1.e4 d5 2.exd5 Nf6 3.Nf3 Nxd5 4.d4 Bg4 5.Be2 e6 6.O-O Bd6 7.c4
Nf6 8.Nc3 O-O 9.Bg5 h6 10.Bh4 Nbd7 11.Ne4 Be7 12.Bxf6 Bxf6 13.Nxf6+
Qxf6 14.h3 Bf5 15.Qb3 Rab8 16.Rae1 Rfd8 17.Rd1 a6 18.Rd2 Re8
19.Bd3 e5 20.Bxf5 Qxf5 21.dxe5 Nxe5 22.Nxe5 Rxe5 23.Rfd1 Rbe8
24.Rd8 Rxd8 25.Rxd8+ Kh7 26.Qd3 Re1+ 27.Kh2 Qxd3 28.Rxd3 Rc1
29.b3 b5 1/2-1/2

[Event ""]
[Site ""]
[Date "????.??.??"]
[Round "8"]
[White "Àíòîíîâ Èâàí"]
[Black "Ìèðîíîâà Íàòàëüÿ"]
[Result "1-0"]
[WhiteElo "2027"]
[BlackElo "1844"]
[Annotator ""]
[Source ""]
[Remark ""]

1.Nc3 e5 2.Nf3 d6 3.d4 exd4 4.Nxd4 Nf6 5.Bg5 Be7 6.e3 Nbd7 7.Nf5
Bf8 8.Bd3 h6 9.Bh4 Ne5 10.O-O Nxd3 11.Qxd3 g5 12.Bg3 a6 13.e4
Bxf5 14.exf5 Bg7 15.Rfe1+ Kd7 16.Nd5 Re8 17.Rxe8 Qxe8 18.Nxc7 1-0

[Event ""]
[Site ""]
[Date "????.??.??"]
[Round "8"]
[White "Èãóäåñìàí Áîðèñ"]
[Black "Èñàåâ Åâãåíèé"]
[Result "1/2-1/2"]
[WhiteElo "2033"]
[BlackElo "1897"]
[Annotator ""]
[Source ""]
[Remark ""]

1.e4 c5 2.Nf3 d6 3.d4 cxd4 4.Nxd4 Nf6 5.Nc3 a6 6.Bc4 e6 7.O-O
Be7 8.f4 Nc6 9.Be3 O-O 10.Kh1 Qc7 11.Qe2 b5 12.Bb3 b4 13.Qc4
bxc3 14.Qxc6 Qxc6 15.Nxc6 Re8 16.bxc3 Nxe4 17.Nxe7+ Rxe7 18.Rad1
a5 19.a4 Ba6 20.Rfe1 d5 21.Bd4 Rc8 22.Kg1 Nxc3 23.Bxc3 Rxc3 24.Rxd5
exd5 25.Rxe7 Kf8 26.Ra7 Bc4 27.Rc7 g6 28.g3 Kg7 1/2-1/2

[Event ""]
[Site ""]
[Date "????.??.??"]
[Round "8"]
[White "Íèêèòèí Àëåêñàíäð"]
[Black "Ñìèðíîâ Íèêîëàé"]
[Result "1-0"]
[WhiteElo "1932"]
[BlackElo "2083"]
[Annotator ""]
[Source ""]
[Remark ""]

1.e4 c6 2.d4 d5 3.Nd2 dxe4 4.Nxe4 Nd7 5.Bd3 Ngf6 6.Ng5 e6 7.N1f3
Bd6 8.O-O O-O 9.Qe2 Qe7 10.Ne4 Nxe4 11.Qxe4 Nf6 12.Qh4 Re8 13.Re1
g6 14.Bg5 Kg7 15.Nd2 Qd8 16.Re3 Be7 17.Qh6+ Kg8 18.Bxf6 Bxf6
19.Rh3 Qxd4 20.Qxh7+ Kf8 21.Re3 Ke7 22.Bxg6 Rf8 23.Ne4 Bg7 24.Qh4+
f6 25.Rd3 Qxb2 26.Rad1 Rd8 27.Qg3 f5 1-0

[Event ""]
[Site ""]
[Date "????.??.??"]
[Round "8"]
[White "Ãóáàéäóëëèí Àëåêñåé"]
[Black "Äîáðîâ Âëàäèìèð"]
[Result "1/2-1/2"]
[WhiteElo "2441"]
[BlackElo "2519"]
[Annotator ""]
[Source ""]
[Remark ""]

1.c4 c6 2.d4 d5 3.cxd5 cxd5 4.Nf3 Nf6 5.Nc3 Nc6 6.Bf4 Bf5 7.e3
e6 8.Bb5 Nd7 9.O-O Qb6 10.Nh4 g6 11.Nxf5 gxf5 12.Rc1 Be7 1/2-1/2

[Event ""]
[Site ""]
[Date "????.??.??"]
[Round "8"]
[White "Áðàãèí Àëåêñàíäð"]
[Black "Ìèðçàíóðîâ Áóëàò"]
[Result "0-1"]
[WhiteElo "2396"]
[BlackElo "2321"]
[Annotator ""]
[Source ""]
[Remark ""]

1.e4 c5 2.Nf3 e6 3.d4 cxd4 4.Nxd4 a6 5.Nc3 Qc7 6.Be2 Nf6 7.O-O
Nc6 8.Kh1 Bb4 9.Bg5 h6 10.Bxf6 gxf6 11.f4 Rg8 12.Nxc6 bxc6 13.e5
fxe5 14.Ne4 Be7 15.fxe5 Qxe5 16.Bh5 Rg7 17.Qf3 Kd8 18.Bxf7 Rxf7
19.Qxf7 Qxe4 20.Rad1 Rb8 21.Qg7 Qxc2 22.b3 Qxa2 23.Qxh6 Qxb3
24.Qh8+ Kc7 25.Qe5+ d6 26.Qg7 e5 27.Rb1 Qd5 28.Rbd1 Qe6 0-1

[Event ""]
[Site ""]
[Date "????.??.??"]
[Round "8"]
[White "Çàñûïêèí Àëåêñåé"]
[Black "Çàáîòèí Àëåêñàíäð"]
[Result "0-1"]
[WhiteElo "2195"]
[BlackElo "2491"]
[Annotator ""]
[Source ""]
[Remark ""]

1.d4 Nf6 2.c4 g6 3.Nc3 Bg7 4.e4 d6 5.Nf3 O-O 6.g3 e5 7.dxe5 dxe5
8.Qxd8 Rxd8 9.Bg5 c6 10.Bg2 h6 11.Be3 Re8 12.O-O Na6 13.Rad1
Bf8 14.h3 Nc5 15.Nd2 a5 16.Nb3 Nfd7 17.Nxc5 Nxc5 18.f4 a4 19.f5
g5 20.Kh2 Nd7 21.Bf3 Bc5 22.Bxc5 Nxc5 23.Rd6 Kg7 24.Rfd1 Nd7
25.h4 Nf6 26.R1d2 Ra5 27.Be2 Rg8 28.c5 Rxc5 29.Nxa4 Rc1 30.Bf3
Rc4 31.Nc3 b5 32.Be2 Nxe4 33.Nxe4 Rxe4 34.f6+ Kh8 35.Bf3 Re3
36.R2d3 Rxd3 37.Rxd3 Bf5 38.Rd6 gxh4 39.gxh4 Be6 40.Bxc6 Rg4
41.Bxb5 Rxh4+ 42.Kg3 Rb4 43.Bd3 e4 44.Bb1 Bf5 45.b3 Kh7 46.Kf4
Kg6 47.Ke3 h5 48.Bc2 h4 49.a3 Rb8 50.Kf4 h3 51.Rd2 Rh8 52.Rh2
Kxf6 53.Bd1 Rg8 54.Rc2 Rg2 55.Rc6+ Be6 56.Rc5 Rg1 57.Bc2 h2 58.Bxe4
Rg4+ 0-1

[Event ""]
[Site ""]
[Date "????.??.??"]
[Round "?"]
[White "Ñàìîéëîâ Àíòîí"]
[Black "Îñîáëèâûé Ãðèãîðèé"]
[Result "1-0"]
[WhiteElo "2258"]
[BlackElo "2282"]
[Annotator ""]
[Source ""]
[Remark ""]

1.e4 e6 2.d4 d5 3.exd5 exd5 4.Nf3 Nc6 5.Bd3 Bd6 6.h3 Nge7 7.c4
dxc4 8.Bxc4 Bf5 9.Nc3 O-O 10.O-O a6 11.a3 Qd7 12.Re1 Rae8 13.Be3
Ng6 14.Bf1 Qc8 15.b4 Nce7 16.Qd2 Bd7 17.Ne4 Nd5 18.Bg5 Bf4 19.Bxf4
Ndxf4 20.Ne5 Be6 21.Nc5 Nxe5 22.dxe5 Nd5 23.Bd3 Rd8 24.Rad1 Ne7
25.Qf4 Rd5 26.Bxh7+ Kxh7 27.Qh4+ Kg8 28.Qxe7 Rfd8 29.Rxd5 Rxd5 1-0

[Event ""]
[Site ""]
[Date "????.??.??"]
[Round "8"]
[White "Êàðëñîí Âëàäèëåí"]
[Black "Ëàâðèê Äìèòðèé"]
[Result "0-1"]
[WhiteElo "2227"]
[BlackElo "2387"]
[Annotator ""]
[Source ""]
[Remark ""]

1.e4 c5 2.Nf3 d6 3.d4 cxd4 4.Nxd4 Nf6 5.Nc3 a6 6.Bg5 e6 7.f4
b5 8.e5 dxe5 9.fxe5 Qc7 10.exf6 Qe5+ 11.Ne4 Qxe4+ 12.Be2 Qxg2
13.Bf3 Qxg5 14.Bxa8 Qh4+ 15.Kf1 Qxf6+ 16.Qf3 Bc5 17.c3 O-O 18.Rd1
Nd7 0-1

[Event ""]
[Site ""]
[Date "????.??.??"]
[Round "8"]
[White "Àëåøèí Îëåã"]
[Black "Áðóÿöêèé Åâãåíèé"]
[Result "1-0"]
[WhiteElo "2374"]
[BlackElo "2168"]
[Annotator ""]
[Source ""]
[Remark ""]

1.e4 c5 2.Nf3 d6 3.d4 cxd4 4.Nxd4 Nf6 5.Nc3 g6 6.Be3 Bg7 7.f3
O-O 8.Qd2 Nc6 9.O-O-O Bd7 10.g4 Rc8 11.h4 Ne5 12.h5 Nxf3 13.Nxf3
Bxg4 14.h6 Bh8 15.Be2 Re8 16.Nd4 Bd7 17.Bf3 Qa5 18.Nb3 Qa6 19.Kb1
Ng4 20.Bxg4 Bxg4 21.Rdf1 Rc4 22.Bd4 e5 23.Be3 Rec8 24.Bg5 b5
25.Qf2 f5 26.Qd2 Kf8 27.Nxb5 Rxc2 28.Qxd6+ Qxd6 29.Nxd6 R8c6
30.exf5 gxf5 31.Nxf5 Bxf5 32.Rxf5+ Ke8 33.Rhf1 Rg2 34.Rf8+ Kd7
35.Bc1 1-0

[Event ""]
[Site ""]
[Date "????.??.??"]
[Round "8"]
[White "Ñìèðíîâ Àëåêñàíäð"]
[Black "Òóìàêîâ Äìèòðèé"]
[Result "0-1"]
[WhiteElo "2108"]
[BlackElo "2312"]
[Annotator ""]
[Source ""]
[Remark ""]

1.d4 Nf6 2.Nf3 c5 3.e3 g6 4.Be2 Bg7 5.O-O b6 6.c4 O-O 7.Nc3 d6
8.d5 e5 9.dxe6 fxe6 10.Ng5 a6 11.e4 Nc6 12.Nf3 Qc7 13.Bg5 Bb7
14.Bh4 Nd4 15.e5 dxe5 16.Bg3 Nh5 17.Nxd4 cxd4 18.Bxh5 dxc3 19.Bg4
Qc6 20.f3 cxb2 21.Rb1 e4 22.Qe2 h5 23.Bh3 exf3 24.gxf3 Rae8 25.Bg2
Kh7 26.Rfe1 Bc3 27.Red1 Rd8 28.Bh4 Rxd1+ 29.Rxd1 b5 30.cxb5 Qxb5
31.Qc2 Bg7 32.a4 Qc6 33.Qb3 Qc1 34.Bf2 Bd5 35.Qd3 Qc4 0-1

[Event ""]
[Site ""]
[Date "????.??.??"]
[Round "8"]
[White "Êîçûðåâ Ñåðãåé"]
[Black "Êðàéíîâ Àëåêñåé"]
[Result "1/2-1/2"]
[WhiteElo "2135"]
[BlackElo "2273"]
[Annotator ""]
[Source ""]
[Remark ""]

1.Nf3 Nf6 2.c4 c6 3.Nc3 d5 4.e3 g6 5.b3 Bg7 6.Bb2 O-O 7.Be2 Re8
8.d3 e5 9.cxd5 cxd5 10.O-O Nc6 11.d4 e4 12.Nd2 Be6 13.a3 h5 14.b4
Qd6 15.Re1 Rad8 16.Rc1 Ng4 17.Nf1 f5 18.Bxg4 hxg4 19.g3 g5 20.Ne2
Kh7 21.Qa4 Qb8 22.b5 Ne7 23.Rc2 Nc8 24.Bc1 Nb6 25.Qb3 Rc8 26.Nc3
Rc7 27.Ree2 Nc4 28.Na4 b6 29.Nb2 Na5 30.Qa2 Rec8 31.Nd1 Qb7 32.a4
Rc4 33.Rxc4 Rxc4 34.Rc2 Qc8 35.Rxc4 dxc4 36.Qc2 a6 37.Ba3 Bd7
38.Nc3 axb5 39.axb5 Nb3 40.Nd2 Be6 41.Bb4 Qa8 42.Qa2 Qd8 43.Ndb1
Nc1 44.Qa3 Nd3 45.Be7 Qe8 46.Bxg5 Ne1 47.Qe7 Qg6 48.Bh4 Bg8 49.Kf1
Nf3 50.Kg2 Kh8 51.Kh1 Qh6 52.Kg2 Ne1+ 53.Kf1 Nf3 54.Kg2 Ne1+
55.Kf1 Nf3 56.Kg2 1/2-1/2

[Event ""]
[Site ""]
[Date "????.??.??"]
[Round "8"]
[White "Êàìîâ Èãîðü"]
[Black "Øêàëîâ Îëåã"]
[Result "0-1"]
[WhiteElo "2253"]
[BlackElo "2222"]
[Annotator ""]
[Source ""]
[Remark ""]

1.d4 Nf6 2.c4 e6 3.Nc3 Bb4 4.Qc2 O-O 5.Bg5 h6 6.Bh4 d6 7.e3 e5
8.Nf3 Re8 9.Be2 Qe7 10.O-O Bxc3 11.Qxc3 e4 12.Nd2 c6 13.b4 Nbd7
14.a4 Qe6 15.Nb3 a6 16.Bg3 Qe7 17.Rfd1 d5 18.c5 Nf8 19.b5 Ne6
20.bxc6 bxc6 21.Na5 Nd8 22.Rdb1 Nd7 23.Bc7 Qe6 24.Rb2 f5 25.Nc4
Nf7 26.Nb6 Ra7 27.g3 g5 28.Nxd7 Qxd7 29.Rb8 Kh7 30.Rab1 Nh8 31.Qa5
Rg8 32.Qb6 Ng6 33.Bd6 Rg7 34.h3 g4 35.hxg4 fxg4 36.Qa5 Qf5 37.Qd8
Be6 38.R1b6 Rad7 39.Qc8 Rdf7 40.Qxa6 Qxf2+ 0-1

[Event ""]
[Site ""]
[Date "????.??.??"]
[Round "8"]
[White "Èëþøêèí Åâãåíèé"]
[Black "Íîâèöêèé Ëåîíèä"]
[Result "1-0"]
[WhiteElo "2351"]
[BlackElo "2113"]
[Annotator ""]
[Source ""]
[Remark ""]

1.d4 Nf6 2.c4 g6 3.Nf3 Bg7 4.Nc3 d6 5.e4 O-O 6.Be2 e5 7.dxe5
dxe5 8.Qxd8 Rxd8 9.Bg5 Re8 10.Nd5 Nxd5 11.cxd5 c6 12.Bc4 cxd5
13.Bxd5 Nc6 14.Bxc6 bxc6 15.Nd2 Be6 16.Ke2 Rab8 17.b3 f5 18.Rhc1
Rec8 19.Rc2 fxe4 20.Nxe4 Bd5 21.f3 Rc7 22.Rac1 Rb4 23.Nc3 Be6
24.Rd2 Rd7 25.Rxd7 Bxd7 26.Ne4 Kf7 27.Rc5 Be8 28.Ra5 Rb7 29.Be3 1-0

[Event ""]
[Site ""]
[Date "????.??.??"]
[Round "8"]
[White "Íåôåäîâ Ñåðãåé"]
[Black "Øàðàôèåâ Àçàò"]
[Result "1/2-1/2"]
[WhiteElo "2170"]
[BlackElo "2418"]
[Annotator ""]
[Source ""]
[Remark ""]

1.d4 d5 2.Nf3 Nc6 3.Bf4 Bf5 4.e3 e6 5.Bd3 Nge7 6.O-O f6 7.c4
g5 8.Bg3 h5 9.h4 g4 10.Ne1 Qd7 11.Nc3 Bxd3 12.Nxd3 Nf5 13.cxd5
exd5 14.Qb3 O-O-O 15.Nf4 Nxg3 16.fxg3 Ne7 17.Rac1 c6 18.Nce2
Kb8 19.Qd3 Rh6 20.b4 Nc8 21.b5 cxb5 22.Nc3 a6 23.Ncxd5 Bd6 24.e4
Qf7 25.Ne2 Ne7 1/2-1/2

[Event ""]
[Site ""]
[Date "????.??.??"]
[Round "8"]
[White "Ïîïåëûøåâ Èãîðü"]
[Black "Àðàêåëîâ Èëüÿ"]
[Result "1/2-1/2"]
[WhiteElo "2190"]
[BlackElo "2369"]
[Annotator ""]
[Source ""]
[Remark ""]

1.e4 c5 2.Na3 g6 3.f4 Bg7 4.Nf3 Nc6 5.Bb5 Nf6 6.Bxc6 bxc6 7.d3
O-O 8.O-O Rb8 9.Qe1 d6 10.Qh4 Nd7 11.f5 e6 12.Qxd8 Rxd8 13.fxe6
fxe6 14.Nc4 d5 15.Na5 Rb6 16.Rb1 Ne5 17.Be3 Ra6 18.Nxe5 Bxe5
19.Nb3 Rxa2 20.Bxc5 Bxb2 21.Bxa7 Bc3 22.Bb6 Re8 23.Rf2 Ba6 24.Bd4
Bxd4 25.Nxd4 c5 26.Nc6 dxe4 27.dxe4 e5 28.h3 Kg7 29.Rd2 Re6 30.Nb8
Bc4 31.Nd7 Ra5 32.Rb7 1/2-1/2

[Event ""]
[Site ""]
[Date "????.??.??"]
[Round "8"]
[White "Ãðàíîâñêèé Àëåêñàíäð"]
[Black "Óðàåâ Èâàí"]
[Result "1-0"]
[WhiteElo "2356"]
[BlackElo "2150"]
[Annotator ""]
[Source ""]
[Remark ""]

1.d4 Nf6 2.Bg5 e6 3.e4 Be7 4.e5 Nd5 5.Bxe7 Qxe7 6.c4 Nb6 7.Nc3
d6 8.Qg4 f5 9.Qh5+ g6 10.Qh6 dxe5 11.dxe5 N6d7 12.f4 b6 13.O-O-O
Bb7 14.h4 Nc6 15.Qg5 O-O-O 16.Qxe7 Nxe7 17.Rh2 Nc5 18.g3 Ne4
19.Nxe4 Bxe4 20.Rxd8+ Rxd8 21.Rd2 h5 22.Nh3 Rxd2 23.Kxd2 Kd7
24.b4 c6 25.Ng5 Bh1 26.Bd3 Nc8 27.Bc2 Ne7 28.Ba4 Ng8 29.Ke3 Ke7
30.Kd4 Nh6 31.c5 Bd5 32.cxb6 axb6 33.a3 Ng4 34.Bd1 Nf2 35.Bf3
Bxf3 36.Nxf3 Ne4 37.a4 Kd7 38.a5 Kc7 39.Kc4 c5 40.a6 Nxg3 41.Ng5
cxb4 1-0

[Event ""]
[Site ""]
[Date "????.??.??"]
[Round "6"]
[White "Ãâàíöåëàäçå Àííà"]
[Black "Îêðóãèí Ñåðãåé"]
[Result "0-1"]
[WhiteElo "2017"]
[BlackElo "2354"]
[Annotator ""]
[Source ""]
[Remark ""]

1.e4 c5 2.Nc3 Nc6 3.g3 g6 4.Bg2 Bg7 5.d3 d6 6.Be3 Nf6 7.h3 Rb8
8.Qd2 Nd4 9.Nd1 b5 10.c3 Nc6 11.Nf3 O-O 12.Bh6 Ne5 13.Bxg7 Nxf3+
14.Bxf3 Kxg7 15.Bg2 Bb7 16.O-O e5 17.Qe2 d5 18.exd5 Bxd5 19.Qxe5
Re8 20.Qg5 h6 21.Qd2 Bc4 22.Ne3 Bxd3 23.Rfd1 c4 24.a4 a6 25.axb5
axb5 26.Ra6 Rb6 27.Ra8 Qe7 28.Rxe8 Qxe8 29.Nc2 Ne4 30.Bxe4 Qxe4
31.Nd4 Qd5 32.Qe3 Rf6 33.Re1 b4 34.Qe5 Qxe5 35.Rxe5 b3 36.Ra5
Rd6 37.f3 Rxd4 38.cxd4 c3 0-1

[Event ""]
[Site ""]
[Date "????.??.??"]
[Round "8"]
[White "Òðîôèìîâ Âëàäèìèð"]
[Black "Ìàñëîâ Ìèõàèë"]
[Result "1-0"]
[WhiteElo "2141"]
[BlackElo "2325"]
[Annotator ""]
[Source ""]
[Remark ""]

1.c4 e5 2.Nc3 Nc6 3.Nf3 g6 4.d4 exd4 5.Nxd4 Bg7 6.Nxc6 bxc6 7.g3
Qe7 8.Bg2 Qb4 9.O-O Qxc4 10.Bf4 Nf6 11.Bxc7 O-O 12.Bd6 Re8 13.Rc1
Qe6 14.Nb5 Qxa2 15.Nc7 Bb7 16.Nxa8 Rxa8 17.Ra1 Qe6 18.Qd3 a5
19.Qd2 Ne4 20.Bxe4 Qxe4 21.Rxa5 c5 22.Rxa8+ Bxa8 23.f3 Bd4+ 24.Kg2
Qe6 25.Bf4 h5 26.e3 Bg7 27.Qd6 Qb3 28.Qxc5 Qxb2+ 29.Rf2 Qb7 30.Qd6
Kh7 31.Be5 Qb5 1-0

[Event ""]
[Site ""]
[Date "????.??.??"]
[Round "8"]
[White "Ìèøèí Àëåêñåé"]
[Black "Ðàêîâ Àíàòîëèé"]
[Result "0-1"]
[WhiteElo "2285"]
[BlackElo "2074"]
[Annotator ""]
[Source ""]
[Remark ""]

1.e4 d5 2.exd5 Qxd5 3.Nc3 Qd6 4.d4 c6 5.g3 Bf5 6.Bg2 e6 7.Ne4
Qd8 8.Ne2 Nf6 9.Nxf6+ Qxf6 10.Bf4 Nd7 11.Qd2 a6 12.O-O-O Nb6
13.Rhe1 a5 14.d5 cxd5 15.Be5 Qxe5 16.Nd4 Qf6 17.Qe2 Bb4 18.Qb5+
Nd7 19.c3 Rc8 20.Nxf5 Rc5 21.Qxb7 Qxf5 22.Bxd5 Bxc3 23.bxc3 Rxc3+
24.Kb2 Rc2+ 25.Ka1 O-O 26.Be4 Qf6+ 27.Kb1 Nc5 28.Qb6 Rxf2 29.Bc2
Qc3 30.Rc1 Rxc2 0-1

[Event ""]
[Site ""]
[Date "????.??.??"]
[Round "8"]
[White "Ìàëûãèí Àëåêñàíäð"]
[Black "Óëÿøîâ Äìèòðèé"]
[Result "0-1"]
[WhiteElo "2164"]
[BlackElo "2256"]
[Annotator ""]
[Source ""]
[Remark ""]

1.e4 c5 2.Nc3 Nc6 3.f4 g6 4.Nf3 Bg7 5.Bb5 Nd4 6.O-O Nxb5 7.Nxb5
a6 8.Nc3 e6 9.d3 Ne7 10.Qe1 O-O 11.f5 exf5 12.Qh4 d6 13.Bg5 f6
14.Be3 b6 15.Rae1 Ra7 16.Bd2 g5 17.Qf2 f4 18.Kh1 Ng6 19.Nd5 Be6
20.b4 f5 21.c3 fxe4 22.dxe4 Raf7 23.Rb1 g4 24.Ne1 Bxd5 25.exd5
Ne5 26.Nc2 g3 27.Qg1 Rf5 0-1

[Event ""]
[Site ""]
[Date "????.??.??"]
[Round "8"]
[White "Ãîðäèåâñêèé Äìèòðèé"]
[Black "Ñåìåíåíêî Ñåðãåé"]
[Result "1-0"]
[WhiteElo "2201"]
[BlackElo "2173"]
[Annotator ""]
[Source ""]
[Remark ""]

1.c4 Nf6 2.Nc3 c5 3.Nf3 e6 4.g3 b6 5.Bg2 Bb7 6.O-O Be7 7.Re1
O-O 8.e4 d6 9.d4 cxd4 10.Nxd4 Qd7 11.b3 a6 12.Bb2 Re8 13.f4 Qc7
14.Rc1 Nbd7 15.e5 Bxg2 16.exf6 Bb7 17.fxe7 1-0

[Event ""]
[Site ""]
[Date "????.??.??"]
[Round "8"]
[White "Ñîêîëîâ Èãîðü"]
[Black "Äåðáåíöåâà Èðèíà"]
[Result "1/2-1/2"]
[WhiteElo "2281"]
[BlackElo "2053"]
[Annotator ""]
[Source ""]
[Remark ""]

1.d4 Nf6 2.c4 e6 3.Nf3 b6 4.a3 Ba6 5.Qc2 d5 6.cxd5 exd5 7.Nc3
Be7 8.g3 O-O 9.Bg2 c5 10.O-O Nc6 11.Rd1 cxd4 12.Nxd4 Nxd4 13.Rxd4
Bc5 14.Rd1 Rc8 15.Bh3 Rc7 16.Bf4 Bd6 17.Bxd6 Qxd6 18.Qa4 Bb7
19.Rd4 Qe5 20.Rad1 Bc6 21.Qb4 g6 22.e3 Re8 23.Bg2 Rd7 24.Rf4
Nh5 25.Rh4 f5 26.Qd4 Nf6 27.Qxe5 Rxe5 28.Rhd4 Kf7 29.R4d2 Ke7
30.Ne2 Ne4 31.Bxe4 dxe4 32.Nd4 Bd5 33.Rc1 Kf7 34.Rdc2 Bb7 35.Rc7
Rxc7 36.Rxc7+ Re7 37.Rc3 Rd7 1/2-1/2

[Event ""]
[Site ""]
[Date "????.??.??"]
[Round "8"]
[White "Êîáà Èãîðü"]
[Black "Ëóãîâîé Äìèòðèé"]
[Result "1-0"]
[WhiteElo "2242"]
[BlackElo "2066"]
[Annotator ""]
[Source ""]
[Remark ""]

1.e4 c5 2.Nf3 d6 3.Bb5+ Nd7 4.d4 Ngf6 5.Nc3 cxd4 6.Qxd4 e5 7.Qd3
h6 8.a4 Be7 9.Be3 O-O 10.O-O Qc7 11.Bc4 Nc5 12.Bxc5 Qxc5 13.Nh4
Kh7 14.Nf5 Bxf5 15.exf5 Rac8 16.Bb3 Qb4 17.Rfe1 Bd8 18.Ne4 Nxe4
19.Rxe4 Qb6 20.f6 g6 21.Rg4 d5 22.Qxd5 Qxf6 23.a5 Qe7 24.Rc4
Rxc4 25.Bxc4 Qc7 26.Rd1 Qxa5 27.Qxa5 Bxa5 28.Rd7 Kg7 29.Rxb7
Bb6 30.Bd5 Kf6 31.c4 e4 32.Kf1 Bd4 33.b4 Ke5 34.Bxf7 Kf6 35.Bd5
Ke5 36.f3 exf3 37.Bxf3 Be3 38.c5 a5 39.Re7+ Kd4 40.bxa5 1-0

[Event ""]
[Site ""]
[Date "????.??.??"]
[Round "8"]
[White "Ïóòåíèõèí Îëåã"]
[Black "Ïðîñâèðíèí Ëåâ"]
[Result "1/2-1/2"]
[WhiteElo "2061"]
[BlackElo "2241"]
[Annotator ""]
[Source ""]
[Remark ""]

1.d4 Nf6 2.Nf3 e6 3.c4 b6 4.g3 Ba6 5.Qa4 Be7 6.Bg2 O-O 7.Nc3
Bb7 8.O-O Ne4 9.Qc2 Nxc3 10.Qxc3 d6 11.Rd1 Nd7 12.Qc2 Nf6 13.Ne1
Bxg2 14.Kxg2 d5 15.Nd3 c6 16.Bf4 Rc8 17.Ne5 dxc4 18.Qxc4 Qd5+
19.f3 Qxc4 20.Nxc4 Nd5 21.Bd2 Rfd8 22.Rac1 f6 23.a3 1/2-1/2

[Event ""]
[Site ""]
[Date "????.??.??"]
[Round "8"]
[White "Ìóëåíêî Àëåêñàíäð"]
[Black "Áóõàðèí Àíòîí"]
[Result "1/2-1/2"]
[WhiteElo "2201"]
[BlackElo "2033"]
[Annotator ""]
[Source ""]
[Remark ""]

1.d4 d5 2.Nf3 Nf6 3.c4 c6 4.Nc3 e6 5.g3 dxc4 6.Ne5 Bb4 7.Nxc4
Bxc3+ 8.bxc3 Qd5 9.e4 Qxe4+ 10.Qe2 Qxh1 11.f3 h5 12.Nd6+ Kd7
13.Nxf7 Rf8 14.Ne5+ Ke8 15.Ba3 Qg1 16.Bxf8 Kxf8 17.O-O-O Nd5
18.Re1 Nxc3 19.Qd2 c5 20.Qf4+ Ke7 21.Qf7+ Kd8 22.Qf8+ Kc7 23.Qxc5+
Nc6 24.Qxc3 Qxd4 1/2-1/2

[Event ""]
[Site ""]
[Date "????.??.??"]
[Round "?"]
[White "Ãàëèåâ Àçàò"]
[Black "Âûñîöêèé Àëåêñàíäð"]
[Result "1-0"]
[WhiteElo "2200"]
[BlackElo "2030"]
[Annotator ""]
[Source ""]
[Remark ""]

1.g3 d5 2.Bg2 Nf6 3.d3 e5 4.Nd2 Bc5 5.h3 O-O 6.e3 Bf5 7.Ne2 c6
8.O-O Nbd7 9.Kh2 Qc7 10.e4 dxe4 11.dxe4 Bg6 12.c3 Rad8 13.b4
Be7 14.Qb3 Nb6 15.c4 Rd7 16.c5 Nc8 17.f4 exf4 18.Nxf4 Rfd8 19.Nxg6
hxg6 20.Nc4 Rd3 1-0

[Event ""]
[Site ""]
[Date "????.??.??"]
[Round "8"]
[White "Ïðîõîðîâ Ñåðãåé"]
[Black "Îáðåç÷èêîâ Ìèõàèë"]
[Result "1-0"]
[WhiteElo "2168"]
[BlackElo "1992"]
[Annotator ""]
[Source ""]
[Remark ""]

1.e4 e6 2.d4 d5 3.exd5 exd5 4.Bd3 Bd6 5.c3 Ne7 6.Qc2 Bg4 7.h3
Bh5 8.g4 Bg6 9.Bxg6 hxg6 10.Bf4 c6 11.Nd2 Qc7 12.Ne2 Nd7 13.Bxd6
Qxd6 14.O-O-O Qe6 1-0

[Event ""]
[Site ""]
[Date "????.??.??"]
[Round "8"]
[White "Çèìåíêî Áîðèñ"]
[Black "Êîòîâ Äìèòðèé"]
[Result "0-1"]
[WhiteElo "2054"]
[BlackElo "2165"]
[Annotator ""]
[Source ""]
[Remark ""]

1.e4 c6 2.c4 d5 3.cxd5 cxd5 4.exd5 Nf6 5.Qa4+ Nbd7 6.Nc3 g6 7.Nf3
Bg7 8.Bc4 O-O 9.O-O Nb6 10.Qb3 Nxc4 11.Qxc4 a6 12.Qa4 b5 13.Qb3
b4 14.Qa4 Bd7 15.Qxb4 a5 16.Qb7 Bc8 17.Qb6 Nd7 18.Qc6 Rb8 19.Qa4
Bb7 20.d6 exd6 0-1

[Event ""]
[Site ""]
[Date "????.??.??"]
[Round "8"]
[White "Áàáàõèí Àíòîí"]
[Black "Øóëàêîâà Ñâåòëàíà"]
[Result "0-1"]
[WhiteElo "1974"]
[BlackElo "2158"]
[Annotator ""]
[Source ""]
[Remark ""]

1.e4 c5 2.Nf3 e6 3.d4 cxd4 4.Nxd4 Nf6 5.Nc3 d6 6.Bg5 Be7 7.Qd2
a6 8.O-O-O O-O 9.f3 b5 10.a3 Bb7 11.Be3 d5 12.e5 Nfd7 13.f4 b4
14.axb4 Bxb4 15.Bd3 Nc5 16.Nde2 Qa5 17.Kb1 Na4 18.Qe1 Nd7 0-1

[Event ""]
[Site ""]
[Date "????.??.??"]
[Round "8"]
[White "Áàðàíîâ Ðîìàí"]
[Black "Ñîòíèêîâ Ìàêñèì"]
[Result "1-0"]
[WhiteElo "2290"]
[BlackElo "1979"]
[Annotator ""]
[Source ""]
[Remark ""]

1.e4 c5 2.Nf3 Nc6 3.Nc3 d6 4.d4 cxd4 5.Nxd4 e5 6.Nb3 Be6 7.Be3
Nf6 8.f3 a6 9.Qd2 Be7 10.O-O-O O-O 11.g4 b5 12.h4 Na5 13.g5 Nh5
14.Nxa5 Qxa5 1-0

[Event ""]
[Site ""]
[Date "????.??.??"]
[Round "8"]
[White "Øèòîâ ßðîñëàâ"]
[Black "Óëÿøåâ Íèêîëàé"]
[Result "1-0"]
[WhiteElo "2130"]
[BlackElo "1716"]
[Annotator ""]
[Source ""]
[Remark ""]

1.e4 e5 2.Nf3 Nc6 3.Nc3 Nf6 4.d4 exd4 5.Nxd4 Bb4 6.Nxc6 bxc6
7.Bd3 O-O 8.O-O d5 9.exd5 cxd5 10.Bg5 c6 11.Qf3 Be7 12.h3 h6
13.Bh4 Rb8 14.Rab1 Rb4 15.Bg3 Bd6 16.a3 Rb7 17.Ne2 c5 18.Nf4
Be6 19.c4 Rb3 20.Nxe6 fxe6 21.Bh7+ Kxh7 22.Qxb3 d4 23.Qd3+ Kh8
24.Bxd6 Qxd6 25.b4 Nd7 26.Rfe1 Rf5 27.Qe4 Ne5 28.bxc5 Qxc5 29.Rb5
Qc6 1-0

[Event ""]
[Site ""]
[Date "????.??.??"]
[Round "8"]
[White "Ìèõàéëîâ Âÿ÷åñëàâ"]
[Black "Êîíîâàëîâ Âÿ÷åñëàâ"]
[Result "1-0"]
[WhiteElo "2043"]
[BlackElo "2068"]
[Annotator ""]
[Source ""]
[Remark ""]

1.e4 e5 2.Nf3 Nc6 3.Bb5 g6 4.O-O Bg7 5.Nc3 Nge7 6.d3 a6 7.Bc4
Na5 8.Bg5 h6 9.Bh4 c6 10.Bxf7+ Kxf7 11.b4 Rb8 12.bxa5 Qxa5 13.Qd2
d6 14.Ne2 Ke8 15.Qxa5 1-0

[Event ""]
[Site ""]
[Date "????.??.??"]
[Round "8"]
[White "Àíèñèìîâ Íèêîëàé"]
[Black "Êàçåííîâà Äàðüÿ"]
[Result "1/2-1/2"]
[WhiteElo "2257"]
[BlackElo "1946"]
[Annotator ""]
[Source ""]
[Remark ""]

1.e4 e5 2.Nf3 Nc6 3.Bb5 a6 4.Ba4 Nf6 5.O-O Be7 6.Re1 b5 7.Bb3
O-O 8.c3 d5 9.exd5 e4 10.dxc6 exf3 11.d4 Bg4 12.h3 Bh5 13.g4
Nxg4 14.hxg4 Bxg4 15.Bf4 Bd6 16.Bxd6 Qxd6 17.Qd3 Qh6 18.Nd2 Qh3
19.Qf1 1/2-1/2

[Event ""]
[Site ""]
[Date "????.??.??"]
[Round "8"]
[White "Ñóäàðåâ Îëåã"]
[Black "Öàðóêÿí Ýëèñ"]
[Result "1/2-1/2"]
[WhiteElo "2009"]
[BlackElo "2246"]
[Annotator ""]
[Source ""]
[Remark ""]

1.e4 g6 2.d4 Bg7 3.Nc3 d6 4.f4 Nf6 5.Nf3 c5 6.Bb5+ Bd7 7.e5 Ng8
8.e6 fxe6 9.Ng5 Bxb5 10.Nxe6 Qa5 11.Bd2 Qb6 1/2-1/2

[Event ""]
[Site ""]
[Date "????.??.??"]
[Round "8"]
[White "Áûêîâ Åâãåíèé"]
[Black "Êàðàòàåâ Îëåã"]
[Result "1-0"]
[WhiteElo "2073"]
[BlackElo "1932"]
[Annotator ""]
[Source ""]
[Remark ""]

1.e4 e6 2.d4 d5 3.Nc3 Nf6 4.Bg5 Bb4 5.e5 h6 6.Bd2 Bxc3 7.bxc3
Ne4 8.Qg4 Kf8 9.Bd3 Nxd2 10.Kxd2 c5 11.h4 c4 12.Be2 Nc6 13.Rh3
b5 14.a3 Rb8 15.Qf4 Bd7 16.g4 Ne7 17.h5 a5 18.Nf3 b4 19.axb4
axb4 20.cxb4 Rxb4 21.Nh4 Ke8 22.Rf3 1-0